| 000 | 01038nam a2200265 i 4500 | ||
|---|---|---|---|
| 001 | bg | ||
| 100 | 1 | _aGutkowski, Bogdan. | |
| 245 | 1 | 0 |
_aAktualne przepisy w ochronie środowiska i inwestycjach : _bsuplement 3 do wydania "Aktualne przepisy w ochronie środowiska i inwestycjach" z suplementami, Koszalin 2006 / _c[aut. Bogdan Gutkowski] ; AOS Agencja Ochrony Środowiska w Koszalinie. |
| 250 | _aStan prawny na dzień 01.12.2007 r. | ||
| 260 |
_aKoszalin : _bAOS Agencja Ochrony Środowiska, _c2007. |
||
| 300 |
_a292 s. ; _c30 cm. |
||
| 500 | _aNa okł. podtyt.: suplement 3, styczeń 2008 : poradnik. | ||
| 504 | _aBibliogr. przy niektórych rozdz. | ||
| 650 | 9 |
_aPrawo ochrony środowiska _zPolska _ystan na 2007 r. |
|
| 655 | _aPoradniki | ||
| 020 | _a9788392597506 | ||
| 040 | _cBPK | ||
| 041 | _apol | ||
| 044 | _aPOL | ||
| 080 | _a349.6(438) | ||
| 920 | _a978-83-925975-0-6 | ||
| 942 | _cKS | ||
| 008 | s pl f |000 0 pol | ||
| 999 |
_c54683 _d54683 |
||
| 856 |
_uhttp://koha.tu.koszalin.pl/cgi-bin/koha/opac-detail.pl?biblionumber=54683 _yKatalog online BPK |
||